Developments in polymer photochemistry. 3 (Record no. 39209)

MARC details
000 -LEADER
fixed length control field 00297nam a2200109Ia 4500
082 ## - DEWEY DECIMAL CLASSIFICATION NUMBER
Classification number 678:541.14
Item number DEV.3
245 #0 - TITLE STATEMENT
Title Developments in polymer photochemistry. 3
260 ## - PUBLICATION, DISTRIBUTION, ETC. (IMPRINT)
Place of publication London
Name of publisher Applied Science
Year of publication 1982
700 ## - ADDED ENTRY--PERSONAL NAME
Personal name Allen, Norman S
942 ## - ADDED ENTRY ELEMENTS (KOHA)
Koha item type Books
Holdings
Withdrawn status Lost status Damaged status Not for loan Home library Current library Date acquired Cost, normal purchase price Full call number Accession Number Koha item type
        RRII Library RRII Library 16/12/2021 48.00 678:541.14 DEV.3 19553 Books